Billionaire Country Matching Quiz Stats

 Plays Quiz not verified by Sporcle

Challenge
Share
Tweet
Embed
Score 0/66 Timer 10:00
0 Plays Today
% Correct
United States
97.7%
China
72.7%
Italy
68.2%
Japan
68.2%
Russia
68.2%
France
63.6%
Mexico
59.1%
Germany
54.5%
South Korea
54.5%
Saudi Arabia
50%
India
47.7%
Hong Kong
40.9%
Canada
40.9%
Brazil
38.6%
Ireland
38.6%
Sweden
34.1%
Vietnam
34.1%
Spain
31.8%
United Kingdom
31.8%
Austria
31.8%
Netherlands
29.5%
Denmark
29.5%
Greece
29.5%
Georgia
27.3%
Poland
27.3%
Finland
27.3%
Iceland
27.3%
Thailand
25%
Australia
25%
Israel
25%
Norway
25%
Turkey
25%
Taiwan
22.7%
% Correct
Ukraine
22.7%
Argentina
20.5%
Guernsey
20.5%
Philippines
18.2%
Czech Republic
18.2%
South Africa
18.2%
United Arab Emirates
18.2%
Egypt
18.2%
Portugal
18.2%
Kazakhstan
18.2%
Nigeria
15.9%
Singapore
15.9%
Switzerland
15.9%
New Zealand
15.9%
Lebanon
15.9%
Nepal
15.9%
Oman
15.9%
Indonesia
13.6%
Angola
13.6%
Chile
11.4%
Malaysia
11.4%
Cyprus
11.4%
Belgium
11.4%
Kuwait
11.4%
Colombia
9.1%
Swaziland
9.1%
Venezuela
9.1%
Morocco
9.1%
Monaco
9.1%
Algeria
6.8%
Peru
6.8%
Uganda
6.8%
Tanzania
4.5%

You're not logged in!

Compare scores with friends on all Sporcle quizzes.
Join for Free
OR
Log In

You Might Also Like...

Show Comments

Extras

Top Quizzes Today


Score Distribution

Your Account Isn't Verified!

In order to create a playlist on Sporcle, you need to verify the email address you used during registration. Go to your Sporcle Settings to finish the process.

Report this User

Report this user for behavior that violates our Community Guidelines.

Details: